000 00512nam a2200181Ia 4500
001 11948
005 20260306162905.0
008 260306t2023||||xx |||||||||||||| ||spa||
041 _aESP
082 _aHR 330
_bSET 2023 CA.3
110 _aCámara de Comercio e Industria de Arequipa
245 0 _aCámara AQP :
_brevista institucional de la Cámara de Comercio e Industria de Arequipa
260 _c2023
300 _a74 páginas :
_c29 cm.
650 _aGEN
654 _aCAN
942 _cREV
_dJUS
_fJUS
_2ddc
_n
999 _c11948
_d11948